Nomina un anno valido nella Storia - Statistics

Statistiche generali
  • Questo quiz è stato fatto 6.680 volte
  • Il punteggio medio è 8 su 18
Statistiche sulle risposte
Nomina un anno in cui... Anno % Corretto
Si svolse la seconda guerra mondiale 1939–1945
100%
Il programma spaziale Apollo era attivo 1961–1972
90%
La regina Vittoria fu sovrana del Regno Unito 1837–1901
68%
I Beatles erano insieme come una band 1960–1970
68%
Lenin era il leader de facto della Russia 1917–1924
67%
La Cina ha ospitato i giochi olimpici 2008 / 2022
63%
Carlo Magno era vivo 742–814
59%
La popolazione mondiale era tra 1 e 2 miliardi di persone 1804–1927
57%
Gengis Khan era vivo 1160–1227
40%
Il Colosseo era in costruzione 72–96
40%
La peste nera ha colpito l'Europa 1346–1353
36%
Maometto era vivo 570–632
32%
Texas era una repubblica indipendente 1836–1845
27%
Abraham Lincoln era il presidente degli Stati Uniti 1861–1865
26%
Città del Capo era un possedimento olandese 1652–1795 1803–1806
25%
Il pirata caraibico Barbanera era vivo 1680–1718
21%
Si svolse la "Guerra delle Rose" 1455–1487
20%
La Cina fu governata dai Tre Regni 220–280
6%
Nessun quiz corrispondente trovato
Distribuzione punteggi
Percentuale di utenti per punteggio
Percentile per numero di risposta
I tuoi punteggi nel tempo
Non hai fatto questo quiz